|
|
|
|
| LEADER |
00000nam0a2200000 4500 |
| 001 |
312532 |
| 005 |
20231102002508.0 |
| 020 |
|
|
|a RU
|b 82-4248
|
| 035 |
|
|
|a (RuTPU)RU\TPU\book\337901
|
| 090 |
|
|
|a 312532
|
| 100 |
|
|
|a 20151223d1981 km y0rusy5003 ca
|
| 101 |
0 |
|
|a rus
|
| 102 |
|
|
|a RU
|
| 105 |
|
|
|a a z 001zy
|
| 200 |
1 |
|
|a Предотвращение загрязнения моря при разработке морских нефтяных месторождений
|f Н. А. Алиев
|
| 210 |
|
|
|a Москва
|c Недра
|d 1981
|
| 215 |
|
|
|a 175 с.
|c ил.
|
| 320 |
|
|
|a Библиогр.: с. 170-172
|
| 606 |
1 |
|
|a Нефтедобыча в море
|x Влияние на окружающую среду
|2 stltpush
|3 (RuTPU)RU\TPU\subj\45702
|9 64894
|
| 610 |
1 |
|
|a моря
|
| 610 |
1 |
|
|a загрязнение
|
| 610 |
1 |
|
|a морские нефтегазовые месторождения
|
| 610 |
1 |
|
|a разработка
|
| 610 |
1 |
|
|a охрана природы
|
| 610 |
1 |
|
|a бурение на нефть
|
| 610 |
1 |
|
|a бурение на море
|
| 610 |
1 |
|
|a эксплуатация
|
| 610 |
1 |
|
|a аварии
|
| 610 |
1 |
|
|a методы борьбы
|
| 610 |
1 |
|
|a зарубежный опыт
|
| 610 |
1 |
|
|a мероприятия
|
| 610 |
1 |
|
|a очистка
|
| 610 |
1 |
|
|a пленочная нефть
|
| 675 |
|
|
|a 622.276.04
|z rus
|v 3
|
| 700 |
|
1 |
|a Алиев
|b Н. А.
|g Назим Али оглы
|4 070
|
| 801 |
|
0 |
|a RU
|b RuMRKP
|c 19950704
|g psbo
|
| 801 |
|
1 |
|a RU
|b 63413507
|c 20151223
|
| 801 |
|
2 |
|a RU
|b 63413507
|c 20191003
|g RCR
|
| 942 |
|
|
|c BK
|